| 000 | 00000nam##2200000za#4500 |
| 001 | 9.688879 |
| 003 | CaOODSP |
| 005 | 20210624231633 |
| 007 | cr ||||||||||| |
| 008 | 150407|2008||||xxc|||||o f|0| 0 eng|d |
| 020 | |a978-0-662-44152-6 |
| 040 | |aCaOODSP|beng |
| 043 | |an-cn--- |
| 086 | 1 |aCH4-116/2008E-PDF |
| 110 | 1 |aCanada. |bCanadian Heritage. |
| 245 | 10|aTraditions - final report |h[electronic resource] |
| 246 | 1 |iAdditional title (within publication) : |aTraditions : National Gatherings on Indigenous Knowledge - final report |
| 260 | |aOttawa - Ontario : |bCanadian Heritage |c[2008]. |
| 300 | |a56p.|bgraphs, references, tables |
| 500 | |a"The contents of this report are a reflection of the discussions that took place throughout Traditions: National Gatherings on Indigenous Knowledge during May and June 2005."--Page 2 of 56. |
| 590 | |a11-24-Supp|b2011-10-24 |
| 775 | 08|tTraditions - rapport final |w(CaOODSP)9.633299 |
| 856 | 40|ahttp://publications.gc.ca|qPDF|s650 KB|uhttps://publications.gc.ca/collections/collection_2011/pc-ch/CH4-116-2008-eng.pdf |